Разработка Android-приложения для заказа услуг в многофункциональном комплексе; Молодежь и современные информационные технологии; Т. 2

Bibliografiske detaljer
Parent link:Молодежь и современные информационные технологии: сборник трудов XIV Международной научно-практической конференции студентов, аспирантов и молодых ученых, г. Томск, 7-11 ноября 2016 г./ Национальный исследовательский Томский политехнический университет (ТПУ), Институт кибернетики (ИК) ; под ред. В. С. Аврамчук [и др.].— , 2016
Т. 2.— 2016.— [С. 62-63]
Hovedforfatter: Минаева О. И.
Institution som forfatter: Национальный исследовательский Томский политехнический университет (ТПУ) Институт кибернетики (ИК)
Andre forfattere: Шерстнёв В. С. Владислав Станиславович (научный руководитель)
Summary:Заглавие с титульного экрана
Sprog:russisk
Udgivet: 2016
Serier:Информационные технологии в производстве и управлении
Fag:
Online adgang:http://earchive.tpu.ru/handle/11683/37126
Format: MixedMaterials Electronisk Book Chapter
KOHA link:https://koha.lib.tpu.ru/cgi-bin/koha/opac-detail.pl?biblionumber=622251

MARC

LEADER 00000naa2a2200000 4500
001 622251
005 20231101133213.0
035 |a (RuTPU)RU\TPU\conf\20930 
035 |a RU\TPU\conf\20911 
090 |a 622251 
100 |a 20170213d2016 k y0rusy50 ca 
101 0 |a rus 
102 |a RU 
105 |a y z 101zy 
135 |a drcn ---uucaa 
181 0 |a i  
182 0 |a b 
200 1 |a Разработка Android-приложения для заказа услуг в многофункциональном комплексе  |f О. И. Минаева  |g науч. рук. В. С. Шерстнёв 
203 |a Текст  |c электронный 
225 1 |a Информационные технологии в производстве и управлении 
230 |a 1 компьютерный файл (pdf; 467 Kb) 
300 |a Заглавие с титульного экрана 
320 |a [Библиогр.: с. 63 (5 назв.)] 
461 1 |0 (RuTPU)RU\TPU\conf\20573  |t Молодежь и современные информационные технологии  |o сборник трудов XIV Международной научно-практической конференции студентов, аспирантов и молодых ученых, г. Томск, 7-11 ноября 2016 г.  |o в 2 т.  |f Национальный исследовательский Томский политехнический университет (ТПУ), Институт кибернетики (ИК) ; под ред. В. С. Аврамчук [и др.]  |d 2016 
463 0 |0 (RuTPU)RU\TPU\conf\20575  |t Т. 2  |v [С. 62-63]  |d 2016 
610 1 |a электронный ресурс 
610 1 |a труды учёных ТПУ 
610 1 |a Android 
610 1 |a услуги 
610 1 |a мобильные устройства 
610 1 |a программное обеспечение 
610 1 |a мобильные приложения 
610 1 |a Web-сервисы 
610 1 |a навигация 
700 1 |a Минаева  |b О. И. 
702 1 |a Шерстнёв  |b В. С.  |c специалист в области информатики и вычислительной техники  |c доцент Томского политехнического университета, кандидат технических наук  |f 1974-  |g Владислав Станиславович  |2 stltpush  |4 727 
712 0 2 |a Национальный исследовательский Томский политехнический университет (ТПУ)  |b Институт кибернетики (ИК)  |2 stltpush  |3 (RuTPU)RU\TPU\col\18397 
801 2 |a RU  |b 63413507  |c 20170217  |g RCR 
856 4 |u http://earchive.tpu.ru/handle/11683/37126 
942 |c BK